000 01023nam a2200265Ia 4500
003 OSt
005 20220923211130.0
006 a|||||r|||| 00| 0
007 ta
008 220922b |||||||| |||| 00| 0 hin d
020 _a8185127735 (pbk)
_c25
024 _a353,098
037 _bGV722, 11/03/2020, Vani Prakashan
_cTextual
040 _aARTS
_cARTS
_bhin
041 _2hin
_ahin
082 _aO5932,3x, 152N8
100 _aराठी, चन्द्रकिरण, अनु.
_9158572
245 0 _aउड़न - छू गॉंव
_b हंगारी कहानियॉं
246 _aUड़n - chhū gaॉanva: hangārī kahāniyaॉan
260 _aबीकानेर
_b वाग्देवी प्रकाशन
_c1998
300 _a152पृ0
_ccm.
650 _aहंगरी कहानी
_9158573
942 _hO5932,3x, 152N8
_cTEXL
_2CC
999 _c295747
_d295747